[Event "Mataro GM 1st"]
[Site "Mataro"]
[Date "2004.12.30"]
[Round "5"]
[White "Rodriguez Guerrero, Enrique"]
[Black "Comas Fabrego, Luis"]
[Result "0-1"]
[WhiteElo "2433"]
[BlackElo "2509"]
[Annotator "Erenburg,S"]
[PlyCount "44"]
[EventDate "2004.12.26"]
[EventType "tourn"]
[EventRounds "9"]
[EventCountry "ESP"]
[EventCategory "9"]
[SourceTitle "CBM 106"]
[Source "ChessBase"]
[SourceDate "2005.06.06"]
[SourceVersion "1"]
[SourceVersionDate "2005.06.06"]
[SourceQuality "1"]

1. e4 d5 2. exd5 Nf6 3. Bb5+ Nbd7 (3... Bd7 4. Be2 {---> 1-0 Kupreichik,
V-Lomako,P/Minsk 2005/CBM 106_01/[Erenburg] (22)}) 4. Be2 $6 $146 {Very
strange move... Absolutely not to the point to play Be2 after Nbd7... Be2 is
logical reply on 3...Bd7 (see 3...Bd7). Usually such moves are made only on
Playchess server by premove :)} (4. c4 {---> 0-1 Movsesian,S-Damaso,R/Pula
1997/CBM 57 ext/[Finkel,A] (26)}) (4. Nf3 Nxd5 5. d4 {---> 1/2-1/2 Rodriguez
Cespedes,A-Damaso,R/Linares 1997/CBM 58/[Mueller,Karsten] (22)}) (4. Nc3 a6 5.
Bxd7+ (5. Be2 Nb6 6. Nf3 Nbxd5 7. Nxd5 Qxd5 8. d4 Bg4 9. h3 Bh5 10. c4 Qd8 11.
Qb3 $14 {1/2-1/2 Kovac,S-Schmaranzer,A/Bled op-B 1996 (16)}) 5... Qxd7 6. Qf3
g6 7. Nge2 Bg7 8. O-O O-O 9. d3 Rd8 10. Nf4 Rb8 11. Re1 Bf8 12. Be3 b5 13. Ba7
Ra8 14. Bd4 Bb7 15. Bxf6 exf6 16. Ne4 Be7 17. c4 $16 {1-0 Aronian,L-Sikorova,O/
Pardubice Komercni Banka op 1996 (24)}) 4... Nxd5 {Black is already intending
to play Nf4.} 5. d4 e5 $1 {White have played very passively for a first five
moves, that allowed black to attack white's centre so quickly...} 6. c4 $6 {
Another unsuccessful decision... White continues to play with the pawns, while
his kingside is absolutely not developed yet.} ({More logical is} 6. Nf3 $1 e4
7. Ng5 N7f6 (7... e3 8. Nf3 exf2+ 9. Kxf2 {[%cal Yh1e1]}) 8. c4 h6 9. cxd5 hxg5
10. Bxg5 Qxd5 11. Bxf6 gxf6 12. Nc3 Qa5 $13) (6. dxe5 Nxe5 7. Nf3 Nxf3+ 8. Bxf3
Qe7+ 9. Qe2 Qxe2+ 10. Bxe2 (10. Kxe2 Be6 $15) 10... Bf5 $15) 6... Bb4+ $1 {
making possible an occupation of f4 square with knight.} 7. Bd2 {Other
continuations are not better:} (7. Nd2 Nf4 $17) (7. Kf1 Nf4 8. Nf3 (8. dxe5
Nxe2 9. Qxe2 Nb6 $17 {[%cal Yc8f5]}) 8... Nxe2 9. Qxe2 O-O 10. dxe5 Re8 $36 {
[%cal Gd7e5]}) 7... Bxd2+ 8. Qxd2 Nf4 9. Bf1 {After nine moves all the white
pieces (except of the queen) are located on the first rank!} (9. g3 Nxe2 10.
Nxe2 O-O $15) (9. Bf3 Nb6 10. g3 Ng6 $17) 9... Qf6 $5 (9... O-O {comes to
consideration.}) 10. Ne2 ({White already doesn't equalize after} 10. g3 Ne6 11.
dxe5 Qxe5+ 12. Be2 O-O (12... Nd4 13. Nc3 $11) 13. Nf3 Qc5 14. O-O Ne5 $15)
10... Nxe2 11. dxe5 {The only way to maintain a material balance.} (11. Bxe2
exd4 $17) (11. Qxe2 Qf4 $1 {[%cal Yf4c1,Gf4d4]} (11... O-O $5 12. d5 Nc5 $15 {
[%cal Yc8f5]}) 12. Nc3 Qxd4 13. Nd5 Qc5 $15) 11... Nxe5 12. Bxe2 Be6 13. Qc3 $6
{This is already a serious mistake... White's position isn't so bad yet... He
should have castled:} (13. O-O Nxc4 (13... O-O $5 14. Qc3 Qf4 (14... Nxc4 15.
Qxf6 gxf6 16. Bxc4 Bxc4 17. Rc1 $11) 15. Nd2 Rad8 $15) 14. Bxc4 Bxc4 15. Rc1
Be6 16. Rxc7 (16. Qb4 a5 17. Qxb7 O-O 18. Nc3 Rab8 19. Qxc7 Rxb2 20. Nd1 Re2
$36) 16... Rd8 17. Qc1 Qxb2 $15) 13... O-O-O 14. Nd2 $2 {It is already a
decisive mistake. More resistant was:} (14. O-O Qf4 (14... Nxc4 15. Bxc4 Qxc3
16. Bxe6+ $18) 15. Na3 (15. g3 Qd4 $17) 15... Rd2 16. g3 Qd4 17. Qxd4 Rxd4 $17)
{[%tqu "En","Please find the best move for black.","","","e5d3","",10]} 14...
Nd3+ $1 15. Bxd3 Qxc3 16. bxc3 Rxd3 $19 {Black is going to get an obvious
material advantage, that will promise him an easy victory.} 17. Rc1 (17. O-O-O
Rxc3+ 18. Kb2 Rd3 $19 {[%cal Yh8d8]}) 17... Re8 (17... Rhd8 $19 {wins as well..
.}) 18. Nf1 {hoping, to start a "new life" after transfer of the knight to e3..
. But...} f5 (18... Bxc4+ {is strong enough as well:} 19. Ne3 Bxa2 $19) 19. f3
Bxc4+ 20. Kf2 Bxa2 21. Ra1 Bc4 {Black is two pawns up, and he plays with three
pieces against only two white's ones... The game is over.} 22. Rxa7 Kb8 (22...
Kb8 23. Ra1 (23. Ra3 Rd1 $19) 23... Rxc3 $19) 0-1

[Event "BLR-ch 71st"]
[Site "Minsk"]
[Date "2005.03.08"]
[Round "5"]
[White "Azarov, Sergei Nikolaevich"]
[Black "Lomako, Pavel"]
[Result "1-0"]
[WhiteElo "2565"]
[BlackElo "2366"]
[Annotator "Erenburg,S"]
[PlyCount "77"]
[EventDate "2005.03.04"]
[EventType "tourn"]
[EventRounds "13"]
[EventCountry "BLR"]
[EventCategory "9"]
[SourceTitle "CBM 106"]
[Source "ChessBase"]
[SourceDate "2005.06.06"]
[SourceVersion "1"]
[SourceVersionDate "2005.06.06"]
[SourceQuality "1"]

1. e4 d5 2. exd5 Nf6 3. d4 Nxd5 4. c4 Nb6 5. Nf3 Bg4 6. Be2 e6 7. O-O Nc6 8.
Nc3 Be7 {intending to complete the development after a short castle.} ({
Black doesn't equalize after} 8... Bxf3 9. Bxf3 Nxd4 10. Bxb7 Rb8 11. Be4 f5
12. Bd3 Be7 13. Ne2 Kf7 14. Be3 $14 {1/2-1/2 Jansa,V-Spacek,P/Czechia 1994/TD 
(34)}) 9. d5 $1 {White opens up the game, using a vulnerable location of
black's monarch in the centre.} exd5 10. cxd5 Nb4 {trying to win white's
central pawn. The alternative is} (10... Bxf3 11. Bxf3 Ne5 12. Be2 O-O 13. Qb3
Rb8 {White's position is slightly better, thanks to a space advantage and pair
of bishops.} 14. Be3 $14 {1-0 Rowson,J-Bryson,D/Aberdeen 2001/CBM 83 ext (41)})
11. Qd4 $1 {This is the point! White attacks black's bishop and the g7 pawn at
the same time!} Bxf3 12. Qxg7 {White can achieve a slight edge after a capture
on f3, but Sergei wants more!} (12. Bxf3 O-O (12... Nc2 13. Qxg7 Bf6 14. Qh6
Nxa1 15. Re1+ Be7 16. Bg5 $18) 13. Qe4 Re8 14. Rd1 Bf8 15. Qg4 Qc8 16. Qxc8
Raxc8 17. Bf4 $14 {1-0 Jansa,V-Gipslis,A/Ostrava 1992/CBM 33 (61)}) 12... Bf6
13. Bb5+ {opening the "e" file for the rook.} c6 14. Re1+ Kd7 15. Qxf7+ $1 $146
{Sergei finds an improvement in comparison to a previous game:} (15. dxc6+ bxc6
16. Qxf7+ Kc8 17. Bc4 (17. Qe6+ {is parried by} Kb7) 17... Nxc4 18. Qe6+ Kb7
19. Qxc4 a5 20. Qf7+ Ka6 21. Qc4+ Kb7 22. Qf7+ Ka6 23. Qc4+ {1/2-1/2 Kerkhof,
P-De Wolf,J/Belgium 1997/EXT 98 (23)}) 15... Kc8 16. Qe6+ {Now black doesn't
have the b7 square for the king, as it happened in Kerkhof,P-De Wolf,J game 
(see 15.dxc6).} Nd7 17. dxc6 bxc6 $2 {After this move, black is already lost!}
({Better was} 17... Bxc6 18. Bxc6 (18. Bf4 Qg8 19. Qh3 Qf7 20. Rad1 Rd8 21. Re4
$44) 18... Nxc6 (18... bxc6 19. a3 $18) 19. Nd5 {[%cal Re1e4,Yc1f4]} Nd4 20.
Qd6 Nf5 21. Qf4 Nd4 22. Be3 Nc6 23. Rac1 $44 {, but, anyways, white's
initiative is extremely strong.}) 18. Bc4 Kb7 {Black decides to give the
bishop back, hoping to neutralize white's initiative. Other possibilities are
not better, than the move in the game:} (18... Bxc3 19. bxc3 Bd5 20. Bxd5 Nxd5
21. Qxc6+ Nc7 22. Rd1 $18) (18... Bh5 19. Bf4 {[%cal Ye6c6]} Kb7 20. Rad1 Bxd1
21. Rxd1 Nc5 22. Qf5 $18) 19. gxf3 Nc2 ({After} 19... Re8 20. Qxe8 Qxe8 21.
Rxe8 Rxe8 22. Ne4 $18 {white's position is winning, as he is two pawns up.})
20. Ba6+ $5 {looks nice.} ({But,} 20. Rd1 {was even stronger and simplier:} Nd4
21. Qf7 Nxf3+ 22. Kh1 Nfe5 23. Qe6 Re8 24. Qf5 $18) 20... Kxa6 {Black loses
after the following continuations as well:} (20... Kb6 21. Na4+ Kxa6 22. Qxc6+
$18) (20... Kc7 21. Bf4+ $18) 21. Qe2+ Kb7 22. Qxc2 Ne5 23. Kh1 $1 {The
simpliest. White secures his king, and now he will realize his material
advantage.} Qd3 (23... Nxf3 {doesn't make black's life easier:} 24. Qb3+ Qb6
25. Qf7+ Qc7 26. Qxc7+ Kxc7 27. Bf4+ Kb6 28. Re6 $18) 24. Qb3+ $1 Kc7 25. Ne4
$1 Bg7 26. Bf4 {forcing black to trade the queens.} (26. Rg1 $18 {was strong
enough as well.}) 26... Qxb3 27. axb3 Rhf8 {[%tqu "En","Please find the best
move.","","","e4g5","",10]} 28. Ng5 $1 $18 {White is a two pawns up, and now
he is going to win further material... The rest is a matter of an easy
technique.} Rxf4 (28... Rae8 {loses as well:} 29. Rxa7+ Kb6 30. Be3+ $18) (
28... Rfe8 29. Nf7 $18) 29. Ne6+ Kb6 30. Nxf4 Nxf3 31. Re3 Nd4 32. Rd1 Nf5 33.
Re4 a5 34. Rd7 Bxb2 35. Nd3 Bc3 36. Rf4 {Black's knight doesn't have good
squares.} Ng7 37. Rc4 Ba1 38. Rc1 Bf6 39. Rd6 {with following capture on c6.}
1-0

[Event "Bundesliga 0405"]
[Site "Germany"]
[Date "2005.01.30"]
[Round "9.6"]
[White "Drabke, Lorenz Maximilian"]
[Black "Pirrot, Dieter"]
[Result "0-1"]
[WhiteElo "2433"]
[BlackElo "2398"]
[Annotator "Erenburg,S"]
[PlyCount "44"]
[EventDate "2004.11.12"]
[EventType "team-tourn"]
[EventRounds "15"]
[EventCountry "GER"]
[SourceTitle "CBM 106"]
[Source "ChessBase"]
[SourceDate "2005.06.06"]
[SourceVersion "1"]
[SourceVersionDate "2005.06.06"]
[SourceQuality "1"]
[WhiteTeam "Solingen"]
[BlackTeam "Hofheim"]
[WhiteTeamCountry "GER"]
[BlackTeamCountry "GER"]

{[%mdl 4736]} 1. e4 d5 2. exd5 Qxd5 3. Nc3 Qd6 ({The main line is} 3... Qa5) 4.
d4 Nf6 5. Nf3 a6 6. g3 {White's light-squared bishop fianchetto is one of the
most dangerous plans against black. Other attempts to fight for an advantage
are:} (6. Bd3 {---> 1-0 Cheparinov,I-Dochev,D/Sofia 2004/CBM 100 ext/
[Kostakiev,D] (40)}) 6... Bg4 {pinning white's kingside knight, and, preparing
to castle long.} (6... g6 {---> 0-1 Vouldis,A-Kurajica,B/Plovdiv 2003/CBM 98/
[Mueller,Karsten] (33)}) ({Another popular continuation is 6...b5:} 6... b5 7.
Bg2 Bb7 8. O-O e6 9. Bf4 Qb6 10. a4 (10. Ne5 Bxg2 11. Kxg2 Qb7+ 12. Qf3 Qxf3+
13. Kxf3 Bb4 (13... Nbd7 14. Nxd7 (14. Nc6 Nb6 15. a4 b4 16. Ne4 Nfd5 17. a5
Nc4 18. b3 Na3 19. Rfc1 Nb5 20. Bd2 f5 $132 {1/2-1/2 Kengis,E-Beliavsky,A/Bled
2002/EXT 2003 (45)}) 14... Kxd7 15. Rfd1 c6 16. Ne4 Nd5 17. Nc5+ Bxc5 18. dxc5
f6 19. Bd6 a5 20. Rac1 Ra7 {0-1 Hossain,E-Sermek,D/Dhaka 2002/CBM 87 ext (37)})
14. a4 Bxc3 15. bxc3 bxa4 16. Rxa4 Nd5 17. c4 Nxf4 18. Kxf4 f6 19. Nd3 Nc6 20.
d5 exd5 21. cxd5 Ne7 22. c4 Kf7 23. Rfa1 Rhd8 24. Rxa6 Rxa6 25. Rxa6 c6 $11 {
1/2-1/2 Pavasovic,D-Sermek,D/Portoroz 2001/CBM 85 (31)}) 10... Bd6 $5 11. Be3 (
11. Ne5 Bxg2 12. Kxg2 Qb7+ 13. Qf3 Qxf3+ 14. Kxf3 b4 15. Ne4 Nd5 16. c4 Nxf4
17. gxf4 f6 18. Nxd6+ cxd6 19. Nd3 Nc6 $132 {0-1 Kelleher,N-Morin,G/Brest 2002/
EXT 2003 (37)}) (11. Bxd6 cxd6 12. axb5 axb5 13. Qd3 b4 14. Na4 Qa5 15. c4 bxc3
16. Qxc3 Qxc3 17. bxc3 Nbd7 $15 {0-1 Satyapragyan,S-Sermek,D/Calcutta 2002/CBM
88 (52)}) 11... c5 12. axb5 axb5 13. Qe2 Rxa1 14. Rxa1 Bxf3 15. dxc5 Bxc5 16.
Bxc5 Qxc5 17. Bxf3 b4 18. Ne4 Nxe4 19. Qxe4 O-O 20. Ra4 $16 {1-0 Almasi,
Z-Kurajica,B/Bled 2002/EXT 2003 (50)}) 7. h3 $5 {Rare continuation in
comparison to} (7. Bg2 Nc6 8. O-O O-O-O {---> 1/2-1/2 Liss,E-Gofshtein,L/
Israel 2003/CBM 094/[Gofshtein,L] (35)}) 7... Bh5 ({Also possible to take on
f3:} 7... Bxf3 8. Qxf3 c6 9. Be3 Nbd7 10. O-O-O e6 11. Bf4 Qb4 12. a3 Qa5 13.
Bc4 {---> 1/2-1/2 Glek,I-Kekelidze,M/Boeblingen 2000/CBM 080/[Glek] (39)}) 8.
Bg2 Nc6 9. Be3 {strengthening the centre.} ({White tried also} 9. O-O {, but
without special succeess:} O-O-O 10. Bf4 Qb4 11. a3 Qxb2 12. Na4 Bxf3 13. Qxf3
Qxd4 14. Qb3 Na5 15. Qb4 Qxb4 16. axb4 e5 17. Bxe5 Nc4 18. Bxf6 gxf6 19. Rfe1
c6 20. Re4 Nd6 21. Rf4 f5 $15 {1/2-1/2 Delchev,A-Sulava,N/Hyeres 2001/EXT 2002
(47)}) 9... O-O-O 10. Qe2 {White keeps the both options of castle.} e6 11.
O-O-O $6 $146 {In my opinion, white has good chances for successful attack on
the queenside, thanks to a light-squared bishop, and black's pawn a6, that
plays in white's hands. Therefore, I would recommend to castle short, as white
played in a previous game:} (11. O-O h6 12. g4 Bg6 13. a3 Nd7 14. b4 Ne7 15.
Na4 Nd5 16. Nc5 f6 17. Bc1 Bf7 18. c4 Nf4 19. Qe4 $18 {1-0 Agrest,S-Botvinnik,
I/Calvia ESP 2004/The Week in Chess 521 (31)}) 11... Nd5 $1 {After white
castled long, black's chances are not worse. Now black tries to develop the
initiative on the queenside, as he has more pieces on that part of the board.}
12. Nxd5 (12. Ne4 {leads to approximately equal position:} Qb4 13. g4 Bg6 14.
Nh4 Bxe4 15. Bxe4 Qa4 (15... Nc3 16. bxc3 Qxc3 17. Rd3 $16) 16. Kb1 Nf6 17.
Bxc6 Qxc6 18. Nf3 Bd6 $11) 12... Qxd5 13. b3 $2 {Very strange decision to
weaken the dark squares in his camp...} ({More logical is} 13. c4 Qa5 14. a3
Be7 $1 {[%csl Ye7][%cal Ye7h4,Yh5g6,Gf3h4]} (14... Bg6 $141 {[%cal Gf8a3,Ya5c3]
} 15. Nh4) 15. Qd3 Bg6 16. Qb3 $13) 13... Qa5 14. Kb1 Nb4 $1 15. a4 Nd5 {
threatening with Nc3+.} 16. Bd2 Bb4 {changing the dark-squared bishops, thus,
making white's monarch position even more vulnerable.} 17. c4 $2 {After this
move, black gets a winning position...} ({Better was} 17. Qe1 Bxd2 (17... Nc3+
18. Bxc3 Bxc3 19. Qe3 $15) 18. Rxd2 (18. Qxd2 Nc3+ 19. Kc1 Qb4 $19) 18... Bxf3
$1 19. Bxf3 c5 $17) 17... Bxd2 18. cxd5 ({After} 18. Qxd2 {white loses an
exchange:} Nc3+ 19. Kc2 (19. Ka1 Qb4 $19 {[%cal Yb4a3]}) 19... Bg6+ $19) 18...
Bc3 19. dxe6 Rhe8 $19 {Black's position is winning, thanks to a pair of active
bishops and vulnerable position of white's monarch.} 20. Qe5 {Other
continuations lose as well:} (20. Rd3 Bg6 $19) (20. Ka2 Rxe6 21. Qc2 Rde8 $19)
20... Rd5 $1 {The preciset one! Black adds the rook to the attack! Now white
collapses...} 21. Qxg7 (21. Qe2 Rxe6 $19) 21... Qb4 22. Ka2 (22. Kc2 Bg6+ 23.
Rd3 Bxd4 $19) 22... Ra5 {threatening with the capture on a4... White cannot
avoid a mate without a big material loses...} (22... Ra5 23. Rd2 Bg6 $1 $19 {
[%cal Ya5a4]}) 0-1

[Event "BLR-ch 71st"]
[Site "Minsk"]
[Date "2005.03.06"]
[Round "3"]
[White "Kupreichik, Viktor D"]
[Black "Lomako, Pavel"]
[Result "1-0"]
[WhiteElo "2437"]
[BlackElo "2366"]
[Annotator "Erenburg,S"]
[PlyCount "43"]
[EventDate "2005.03.04"]
[EventType "tourn"]
[EventRounds "13"]
[EventCountry "BLR"]
[EventCategory "9"]
[SourceTitle "CBM 106"]
[Source "ChessBase"]
[SourceDate "2005.06.06"]
[SourceVersion "1"]
[SourceVersionDate "2005.06.06"]
[SourceQuality "1"]

1. e4 d5 2. exd5 Nf6 3. Bb5+ Bd7 4. Be2 $5 Nxd5 5. d4 Bf5 6. Nf3 e6 7. a3 $5 {
White doesn't hurry with the castle, but first makes a prophylactic move to
cover the b4 square, thus, preparing to drive away the black knight from d5
with c2-c4.} (7. O-O Be7 8. a3 O-O 9. c4 Nb6 10. Nc3 Bf6 11. h3 Nc6 12. Be3 Qd7
13. b4 Rad8 14. Ra2 (14. Qb3 $5 Nxd4 15. Bxd4 Bxd4 16. Rad1 e5 17. Nb5 Qe7 18.
Rfe1 $5 $14 {Hait,A-Ulko,J/Moscow (rapid) 1997/Inf 70/[Hait,A] (21)}) 14...
Nxd4 15. Nxd4 $5 (15. Bxd4 Bxd4 16. Rd2 Bxc3 17. Rxd7 Rxd7 18. Qb3 Bf6 19. Rd1
Rxd1+ 20. Bxd1 Rd8 21. Bc2 Bxc2 22. Qxc2 c6 $14 {Hait,A-Romcovici,V/
Eforie_Nord 1996/Inf 70/[Hait,A] (22)}) 15... Bxd4 16. Rd2 Bxe3 17. Rxd7 Rxd7
18. Qb3 $14 {1-0 Kovalevskaya,E-Anisimov,P/St Petersburg 1999/CBM 74/[Mueller,
Karsten] (47)}) 7... Nc6 8. c4 Nb6 9. Be3 {strengthening the centre.} Be7 10.
Nc3 O-O ({Maybe black shouldn't have hurried with the castle, not defining the
location of his monarch:} 10... Bf6 11. h3 Qd7 {, keeping the both options of
castle.}) 11. h3 $5 {Again white doesn't hurry with the castle. The
alternatives are:} (11. b4 Bf6 12. Rc1 Qd7 13. b5 Na5 14. Na4 Nxa4 15. Qxa4 b6
16. Ne5 Qd6 17. Bf3 Rad8 18. c5 $16 {0-1 Farago,S-Berczes,D/Budapest 2002/CBM
91 ext (54)}) (11. O-O Bf6 12. b3 Qd7 13. Ra2 Rad8 14. Rd2 Qe7 15. Qc1 Rd7 16.
Rfd1 Rfd8 17. h3 h6 18. b4 $14 {1-0 Pribyl,J-Gipslis,A/Tallinn 1977/MCD (47)})
11... Bf6 $6 {It is unsuccessful decision to locate the bishop on f6, when
white can push forward his "g" pawn...} ({More logical is} 11... h6 {,
preparing the h7 square for the light-squared bishop.} 12. b4 Bf6 13. O-O Qe7
14. Qb3 Rfd8 15. Rfd1 a5 16. c5 Nd5 17. b5 Na7 18. Nxd5 exd5 19. Re1 $16 {
1-0 Baklan,V-Melnik,V/Alushta 1999/EXT 2001 (36)}) 12. g4 $1 {[%mdl 4] The
most principled choice! All the white's opening strategy was built around the
idea of attack on the kingside!} ({Less aggressive is} 12. O-O h6 13. b4 Qe7 $6
(13... a6 $142 $5) 14. b5 Na5 15. c5 Nd5 16. Bd2 Nxc3 17. Bxc3 b6 18. cxb6 axb6
19. Bb4 $18 {1-0 Kaminski,M-Gipslis,A/Cappelle la Grande 1998/CBM 63 ext (28)})
12... Bg6 13. h4 {[%mdl 4] threatening to win the bishop.} e5 {trying to
create a counterplay in the centre.} (13... h5 {helps white to open the "g"
file for the attack:} 14. gxh5 Bxh5 15. Ng5 Bxe2 16. Qxe2 $16 {[%cal Ge2h5,
Ye1c1]}) (13... h6 {is met by} 14. g5 $40 {and now it is clear how bad was
black's 11-th move.}) 14. d5 $1 $146 {[%mdl 4] The funniest thing, is that the
position after black's 13-th move already appeared on the practice! White's
last move seems as a very strong improvement, that promises white an obvious
advantage.} ({In a previous game white tried} 14. dxe5 {, but didn't get
anything special:} Nxe5 15. Nxe5 Bxe5 16. h5 Bxc3+ 17. bxc3 Be4 18. f3 Qxd1+
19. Rxd1 Bc2 20. Rd4 Rfe8 21. Kf2 Re7 22. Rd2 Ba4 23. h6 g6 24. c5 Nd7 25. Rb1
Rae8 26. Bb5 Bxb5 27. Rxb5 b6 {1/2-1/2 Balashov,Y-Smagin,S/Novgorod 1995/EXT
2000 (27)}) ({Worse, than the move in the game is} 14. h5 exd4 15. hxg6 dxe3 (
15... fxg6 16. c5 dxc3 (16... Nc8 17. Qb3+ $18 {[%cal Ye1c1]}) (16... dxe3 17.
Qxd8 Nxd8 18. cxb6 $18) 17. cxb6 cxb2 18. Qb3+ Kh8 19. Rd1 $18) 16. Qxd8 Bxc3+
17. bxc3 exf2+ 18. Kxf2 Raxd8 19. gxh7+ Kh8 $13) 14... e4 $4 {losing a
light-squared bishop...} ({Black should have continued} 14... Nd4 15. Nxd4 exd4
16. Bxd4 Bxh4 (16... Re8 17. Be3 $1 Bxc3+ 18. bxc3 Be4 19. Rh3 $14) 17. c5 (17.
Qb3 {[%cal Yc4c5]} Bf6 18. Bxf6 Qxf6 19. c5 Rfe8 $1 $132) 17... Nxd5 18. Nxd5
Be4 19. Rxh4 Qxh4 20. Ne3 Rad8 21. Qd2 $14 {[%cal Ye1c1] , but, of course, the
position favours white anyway.}) 15. Nd2 Bxc3 (15... Ne5 16. h5 $18) 16. bxc3
Ne5 17. h5 $18 {White is a piece up without any compensation for black's side..
. The rest needs no comment.} f5 18. hxg6 hxg6 19. gxf5 gxf5 20. Qb3 {[%cal
Rd5d6,Ye1c1] White is going to secure his monarch and win the game.} f4 21. Bd4
Qe7 22. O-O-O 1-0